000 00772nam a2200205 a 4500
005 20170603020001.0
008 140217b2009 ck ||||| |||| 00| 0 spa d
040 _aCO-BoIAVH
_cCO-BoIAVH
041 _aspa
044 _ack
090 _aIAVH
_b01366
110 _aSuesca (Cundinamarca)
_bCorporación Turismo de Suesca
_931339
245 _aAcompañamiento en la ejecución de actividades del plan de uso público para el fortalecimiento de la cadena de valor de turismo sostenible en el municipio de Suesca
260 _aBogotá
_bIAVH
_c2009
300 _a81 p.
505 _aContenido CD: Manual de buenas prácticas en turismo sostenible: Municipio de Suesca
662 _cLaguna de Suesca
_bCundinamarca
662 _dSuesca
_bCundinamarca
942 _cINFORME
_2z
_01
999 _c7069
_d7069